Länderkennzeichen Europa - Statistiken

Allgemein
  • Dieses Quiz wurde 287 mal gespielt
  • Das Durchschnittsergebnis liegt bei 35 aus 46
Antwortstatistiken
Abkürzung auf dem Kennzeichen Land % Korrekt
B Belgien🇧🇪
94%
AL Albanien🇦🇱
91%
D Deutschland🇩🇪
91%
AND Andorra🇦🇩
90%
EST Estland🇪🇪
90%
FIN Finnland🇫🇮
89%
F Frankreich🇫🇷
88%
BG Bulgarien🇧🇬
87%
IRL Irland🇮🇪
87%
PL Polen🇵🇱
87%
RUS Russland🇷🇺
87%
SLO Slowenien🇸🇮
86%
DK Dänemark🇩🇰
85%
LT Litauen🇱🇹
85%
IS Island🇮🇸
84%
A Österreich🇦🇹
84%
CH Schweiz🇨🇭
84%
SRB Serbien🇷🇸
84%
SK Slowakei🇸🇰
84%
CZ Tschechien🇨🇿
84%
NL Niederlande🇳🇱
83%
RO Rumänien🇷🇴
80%
GR Griechenland🇬🇷
79%
I Italien🇮🇹
79%
UK Vereinigtes Königreich🇬🇧
79%
H Ungarn🇭🇺
78%
BIH Bosnien-Herzegowina🇧🇦
77%
LV Lettland🇱🇻
75%
E Spanien🇪🇸
74%
V Vatikanstadt🇻🇦
74%
P Portugal🇵🇹
73%
S Schweden🇸🇪
72%
L Luxemburg🇱🇺
71%
CY Zypern🇨🇾
71%
N Norwegen🇳🇴
68%
UA Ukraine🇺🇦
68%
MC Monaco🇲🇨
67%
M Malta🇲🇹
63%
MD Moldau🇲🇩
63%
HR Kroatien🇭🇷
60%
MNE Montenegro🇲🇪
60%
BY Belarus🇧🇾
57%
MK Nordmazedonien🇲🇰
55%
RSM San Marino🇸🇲
49%
FL Liechtenstein🇱🇮
48%
RKS Kosovo🇽🇰
40%
Keine übereinstimmenden Quizze gefunden
Verteilung der Resultate
Anzahl Personen mit jedem Resultat
Perzentil nach korrekt beantworteten Fragen
Ihre Resultats-Entwicklung
Sie haben dieses Quiz noch nicht gespielt